01018nam a2200241 a 450000100100000000500170001000800410002704000250006808200170009310000310011024500640014126000500020530000210025550400290027665000490030565000510035465000720040591000370047704900090051495201150052395201210063899900170075900002657720200930030309.0110323s2005 dr 000 0 spa d aDO-SdBNPbspacBNPHU a291.2bS211p1 aSánchez, Genis M.95367810aPaganismo, religión o cristianismo /cGenis M. Sánchez. aSanto Domingo :e[Talleres Powergraph]c2005. a179 p. ;c21 cm. aBibliografía: (p. 179) 4aTeologiavENSAYOS, CONFERENCIAS, ETC.953679 4aReligionesvENSAYOS, CONFERENCIAS, ETC.953680 4aCristianismo y otras religionesvENSAYOS, CONFERENCIAS, ETC.953681 aValidado. Control de calidad EMS aBNPD 0010718PDaPDbPDcHDd2011-03-23iLF1l0o291.2 S211pp26577-10r2020-06-25w2020-06-25yLFPDZNo se presta 0010718PDaPDbPDcHDd2011-03-31iLF1l0o291.2 S211pp26577-20r2020-06-25te. 2w2020-06-25yLFPDZNo se presta c26069d26069